00772nam a2200157 a 4500008004100000050002400041110009400065245012400159260003800283300001600321350000900337650003300346995009200379999001700471952012600488090708s1987 ||||||||||||||||| || u aGOV.ZAM(058)ER/1987 aGovernment of the Republic of Zambia. National Commission for Development Planning (NCDP)10aEconomic review 1986 and annual plan 1987cBy the Office of the President. National Commission for Development Planning aLusaka:bGovernment Printerc1987 a532p.: ill. a0.00 0aECONOMIC DEVELOPMENT--ZAMBIA D0.00FCBU-MAIN LIBRARY (Kitwe)H1I0.00M1UAVAILABLEWJul 8, 2009ZZambiana Collection c40911d40911 00102lcc4070a001b001cZambiana Collectiond2022-11-30l0oGOV.ZAM(058)ER/1987p03004343r2022-11-30w2022-11-30y002